|
|
|
|
| LEADER |
01448nam a2200277 a 4500 |
| 001 |
32144 |
| 003 |
BD-DhAAL |
| 005 |
20181112130834.0 |
| 008 |
171003r19862015bg ||||| |||| 00| 0 ben d |
| 999 |
|
|
|c 38357
|d 38357
|
| 020 |
|
|
|a 9847018700109
|
| 040 |
|
|
|a BD-DhAAL
|
| 082 |
|
|
|a 954.91040924
|
| 100 |
|
|
|a সাইয়িদ, আবু
|9 22401
|
| 245 |
|
|
|a বঙ্গবন্ধু হত্যাকান্ড :
|b ফ্যাক্টস্ এন্ড ডকুমেন্টস্ /
|c আবু সাইয়িদ
|
| 246 |
|
|
|a Facts & documents :
|b Bangabandhu hatyakanda
|
| 260 |
|
|
|a ঢাকা :
|b চারুলিপি ;
|c c১৯৮৬ [চতুর্থ মুদ্রণ ২০১৫]
|
| 300 |
|
|
|a ৩৫৯ পৃষ্ঠা ;
|c ২২ সে.মি.
|
| 526 |
|
|
|a AAL
|
| 541 |
|
|
|e 32144 & 32145
|
| 600 |
|
|
|a Mujibur Rahman,
|c Sheikh,
|d 1920-1975
|x Assassination
|9 22402
|
| 651 |
|
|
|a Bangladesh
|x Politics and government
|y 1975
|9 22403
|
| 852 |
|
|
|a Ayesha Abed Library
|c Bangabandhu Corner
|
| 942 |
|
|
|2 ddc
|c BK
|
| 952 |
|
|
|0 0
|1 0
|2 ddc
|4 0
|6 954_910409240000000_SAY
|7 0
|9 61378
|a BRACUL
|b BRACUL
|c BNC
|d 2017-09-27
|e Development Book Agency
|g 467.50
|l 1
|m 13
|o 954.91040924 SAY
|p 3010032144
|r 2022-04-10
|s 2019-12-24
|t 1
|v 550.00
|w 2017-09-27
|y BK
|
| 952 |
|
|
|0 0
|1 0
|2 ddc
|4 0
|6 954_910409240000000_SAY
|7 0
|9 61379
|a BRACUL
|b BRACUL
|c BNC
|d 2017-09-27
|e Development Book Agency
|g 467.50
|l 0
|o 954.91040924 SAY
|p 3010032145
|r 2017-09-27
|t 2
|v 550.00
|w 2017-09-27
|y BK
|